000 00940nam a2200289 a 4500
001 73830
003 BD-RjUL
005 20211209082442.0
008 170612r19641962enkab b 001 0 eng d
035 _a(BD-RjUL)74048
040 _aDLC
_cTNJ
_dDLC
_dBD-RjUL
_beng
041 _aeng
082 _a551.41
_223
_bSTU 1964
100 1 _aSteers, J. A.
_q(James Alfred),
_d1899-
_9218614
245 1 4 _aThe unstable earth :
_bsome recent views in geomorphology /
_cJ. A. Steers.
260 _aLondon :
_bMethuen & co. ltd.,
_c1932 [Reprinted 1964]
300 _axv, 345 p. :
_bill. ;
_c20 cm.
490 _aMethuen's geological series
500 _aIncludes index.
504 _aBibliography: p. 331-334.
650 0 _aGeomorphology
_9218615
650 0 _aGeology, Structural.
_9218616
650 0 _aEarth movements.
_9218617
651 0 _aEarth (Planet)
_xSurface.
_9218618
830 _aMethuen's geological series
_9218620
942 _2ddc
_cBK
999 _c73830
_d73830